Facultad de Derecho – Universidad Nacional de Mar del Plata

Muertes Silenciadas: La Eliminaciòn de los "delincuentes" (Record no. 3526)

MARC details
000 -CABECERA
campo de control de longitud fija 00905nam a22002657a 4500
020 ## - NUMERO INTERNACIONAL NORMALIZADO PARA LIBROS (ISBN)
International Standard Book Number 9789872459147
080 ## - NUMERO DE CLASIFICACION DECIMAL UNIVERSAL (CDU)
Número de la Clasificación Decimal Universal 342.72/ 73 + 343 M 889
245 ## - MENCION DE TITULO
Título propiamente dicho Muertes Silenciadas: La Eliminaciòn de los "delincuentes"
Parte restante del título Una mirada sobre las pràcticas y los discursos de los medios de comunicaciòn, la Policìa y la Justicia
260 ## - PUBLICACION, DISTRIBUCION, ETC. (PIE DE IMPRENTA)
Lugar de publicación, distribución, etc. Buenos Aires
Nombre del editor, distribuidor, etc. Ediciones del CCC. Centro cultural de la Cooperaciòn Floreal Gorini
Fecha de publicación, distribución, etc. 2009
300 ## - DESCRIPCION FISICA
Extensión 219 P.
Dimensiones 23 X 15 Cm.
650 ## - ASIENTO SECUNDARIO DE MATERIA - TERMINO TEMATICO
Subdivisión general Criminologia
700 ## - ASIENTO SECUNDARIO - NOMBRE PERSONAL
Nombre personal Daroqui, Alicia
700 ## - ASIENTO SECUNDARIO - NOMBRE PERSONAL
Nombre personal Motto, Carlos Ernesto
700 ## - ASIENTO SECUNDARIO - NOMBRE PERSONAL
Nombre personal Calzado, Mercedes
700 ## - ASIENTO SECUNDARIO - NOMBRE PERSONAL
Nombre personal Maggio, Nicolàs
700 ## - ASIENTO SECUNDARIO - NOMBRE PERSONAL
Nombre personal Cepeda, Luciana
700 ## - ASIENTO SECUNDARIO - NOMBRE PERSONAL
Nombre personal Lòpez, Ana Laura
700 ## - ASIENTO SECUNDARIO - NOMBRE PERSONAL
Nombre personal Reinoso, Viviana
700 ## - ASIENTO SECUNDARIO - NOMBRE PERSONAL
Nombre personal Viñas, Silvia
700 ## - ASIENTO SECUNDARIO - NOMBRE PERSONAL
Nombre personal Canavesio, Marìa Lucìa
700 ## - ASIENTO SECUNDARIO - NOMBRE PERSONAL
Nombre personal Damone, Marìa Luz
700 ## - ASIENTO SECUNDARIO - NOMBRE PERSONAL
Nombre personal Magistris, Gabriela
942 ## - ELEMENTOS AGREGADOS (KOHA)
Clasificación normalizada de Koha para alfabetizar _
945 ## - INFORMACION DE PROCESAMIENTO LOCAL
Responsable de carga/modificación Celeste Delía
AAAA-MM-DD - Fecha de ingreso/modificación 2015-02-25
Holdings
Retirado Perdido Dañado No se presta Ubicación permanente Locación actual Estante o sala Fecha de adquisición Total préstamos Signatura topográfica Inventario Ultima fecha vista Fecha del precio Tipo de item de Koha
        Bib. Derecho Bib. Derecho Biblioteca Graduados 25/02/2015   342.72/ 73 + 343 M 889 301400 25/02/2015 25/02/2015 LIBRO (Consulta)

XHTML | CSS | ©Biblioteca Central - Dto. Tecnología de la Información - [ Con tecnología Koha ]